zpět

Detail výsledku týmu

The Pub Praha 2 ST, Praha

Datum a čas kvízu

21 Celkem bodů Celkový počet nahraných bodů na tomto kvízu bez doplňovacích otázek.
12. Pořadí na kvízu Konečné umístění týmu na tomto kvízu.

Zaznamenané odpovědi

# Otázka Odpověď Body Výsledky
1. V pátek a sobotu se v Kolovči... A) na Chodsku 0
2. Jak se nazývá město, které min... Anchorage 0
3. Nejvyšší soud v Jižní Koreji m... Baby Shark 1
4. Vedení McDonald's v jedné zemi... Japonsko; Pokémon 0.5
5. Vítěz aktuálního ročníku Ligy... Paris Saint-Germain FC; Gianluigi Donnarumma 0.5
6. Hned v první otázce se zaměřím... 1C 2A 3D 4B 0
7. Jedním ze specifik prezidentsk... A 1
8. Který z těchto výroků o prezid... B 0
9. NW Präsident byl v roce 1897 p... Tatra, Kopřivnice 0
10. Která zpěvačka nahrála skladbu... Pink 1